Kitāb Ḥafrīyāt al-Fusṭāṭ /

محفوظ في:

المؤلف الرئيسي: Bahjat, ʻAlī, 1828-1924.

مؤلفون مشاركون: Matḥaf al-Fann al-Islāmī (Cairo, Egypt), Lajnat Ḥifẓ al-Āthār al-ʻArabīyah (Egypt)

مؤلفون آخرون: Gabriel, Albert., ʻAkūsh, Maḥmūd.

التنسيق: كتاب

اللغة: Arabic

منشور في: al-Qāhirah : Maṭba`at Dār al-Kutub al-Mīsrīyah, 1928.

الطبعة: al-Ṭab`ah 1.

الموضوعات:

الوسوم: إضافة وسم

لا توجد وسوم, كن أول من يضع وسما على هذه التسجيلة!

رقم الطلب: ( F )DT150.5 .F8 B314 1928

LEADER 02007nam a22003977a 4500
003 OSt
005 20251222124536.0
008 251222t1928 ua af 000 0 ara d
040 |c ARCE Library 
043 |a f-ua--- 
050 4 |a ( F )DT150.5 .F8  |b B314 1928 
100 1 |6 880-01  |a Bahjat, ʻAlī,  |d 1828-1924. 
245 1 0 |6 880-02  |a Kitāb Ḥafrīyāt al-Fusṭāṭ /  |c allafahu wa-waqafa ʻalā ṭabʻihi wa-nashrihi bi-al-lighah al-firinsīyahʻAlī Bahjat Bik wa Albīr Jibrīyīl ; wa-naqalahu ilā al-lughah al-ʻArabīyah ʻAlī Bahjat Bik wa-Maḥmūd ʻAkūsh. 
246 3 3 |6 880-03  |a Ḥafrīyāt al-Fustāt. 
250 |6 880-04  |a al-Ṭab`ah 1. 
260 |6 880-05  |a al-Qāhirah :  |b Maṭba`at Dār al-Kutub al-Mīsrīyah,  |c 1928. 
300 |a 4, 139, [1] p., 32 leaves of plates :  |b ill. ;  |c 38 cm. 
336 |2 rdacontent  |a text  |b txt 
337 |2 rdamedia  |a unmediated  |b n 
338 |2 rdacarrier  |a volume  |b n 
500 |6 880-06  |a At head of title: Lajnat Ḥifẓ al-Āthār al-ʻArabīyah - Dār al-Athār al-ʻArabīyah. 
561 |a From Mahmoud Saba's personal library collection at the American University in Cairo. 
650 0 |a Art objects, Arabic. 
651 0 |a Excavation (Archaeology)  |z Egypt  |z Cairo. 
651 0 |a Cairo (Egypt)  |x Antiquities. 
651 0 |a Fusṭāt (Cairo, Egypt)  |x Antiquities. 
700 1 |a Gabriel, Albert. 
700 1 |6 880-07  |a ʻAkūsh, Maḥmūd. 
710 2 |6 880-08  |a Matḥaf al-Fann al-Islāmī (Cairo, Egypt) 
710 2 |6 880-09  |a Lajnat Ḥifẓ al-Āthār al-ʻArabīyah (Egypt) 
880 1 |6 100-01/(3/r  |a بهجت، على،  |d 1828-1924. 
880 1 0 |6 245-02/(3/r  |a كتاب حفريات الفسطاط   |c ألفه ووقف على طبعة ونشره باللغة الفرنسية على بهجت بك و ألبير جبرييل ؛ ونقله إلى اللغة العربية على بهجت بك و محمود عكوش. 
880 3 3 |6 246-03/(3/r  |a حفريات الفسطاط. 
901 |a reviewed 
942 |2 lcc  |c BK 
999 |c 58198  |d 58198